Score 0/16 Timer 04:00
1 Play Today
Scrambled TV Show name TV Show Name % Correct
OWH I EMT UORY OMHERTHow I Met Your Mother
97.3%
AIFMYL UYGFamily Guy
97.2%
HTE IGB NAGB EOTHRYThe Big Bang Theory
97%
NOE RETE LIHLOne Tree Hill
94.5%
LEGEGlee
94.2%
COTDOR HWODoctor Who
92.7%
HET PSSIMONSThe Simpsons
92.1%
OTHUS KRAPSouth Park
91%
Scrambled TV Show name TV Show Name % Correct
STADURYA NTHGI VEILSaturday Night Live
90.9%
RENDOM MILYFAModern Family
89.6%
TYTEPR TLTELI SRAILPretty Little Liars
85.4%
NBOSEBones
79.9%
HTIWE LOCLRAWhite Collar
75.8%
OEHRESHeroes
70.3%
ORVIVRUSSurvivor
67.5%
MMDUIEMedium
44.1%
Remove Ads.
Support Sporcle.
Get the best of Sporcle when you Go Orange. This ad-free experience offers more features, more stats, and more fun while also helping to support Sporcle. Thank you for becoming a member.

You're not logged in!

Compare scores with friends on all Sporcle quizzes.
OR
Log In

Show Comments

Extras

Top Quizzes Today


Score Distribution

Your Account Isn't Verified!

In order to create a playlist on Sporcle, you need to verify the email address you used during registration. Go to your Sporcle Settings to finish the process.

Report this User

Report this user for behavior that violates our Community Guidelines.

Details: